Analýza úrovne nerovností a ich vývoja v rámci krajín a medzi krajinami v zmysle cieľa 10 Agendy 2030 diplomová práca

Gespeichert in:
Bibliographische Detailangaben
1. Verfasser: Kolenič, Matej
Körperschaft: Fakulta hospodárskej informatiky EU. Katedra štatistiky
Weitere Verfasser: Sipková, Ľubica, 1962-
Format: Buch
Sprache:Slowakisch
Veröffentlicht: Bratislava 2019
Tags: Tag hinzufügen
Keine Tags, Fügen Sie das erste Tag hinzu!

MARC

LEADER 00000nbm a2200000 4500
001 0254172
005 20191205140128.6
041 0 |a slo 
044 |a SK 
245 1 0 |a Analýza úrovne nerovností a ich vývoja v rámci krajín a medzi krajinami v zmysle cieľa 10 Agendy 2030  |b diplomová práca  |c Matej Kolenič ; školiteľ: Ľubica Sipková 
264 1 |a Bratislava  |c 2019 
300 |a 67 s. 
100 1 |a Kolenič, Matej 
700 1 |a Sipková, Ľubica, 1962- 
710 2 |a Fakulta hospodárskej informatiky EU. Katedra štatistiky